[Event "Challenge"]
[Site "http://www.queenalice.com/game.php?id=349023"]
[Date "2008.2.5"]
[Round "-"]
[White "Luceafarul"]
[Black "quifaiquoi"]
[Result "0-1"]
[WhiteElo "1990"]
[BlackElo "2176"]

1. d4 d5 2. c4 c6 3. cxd5 cxd5 4. Nc3 g6 5. Qb3 Nf6 6. Bg5 Bg7 7. Bxf6 Bxf6 8.
Qxd5 O-O 9. Qxd8 Rxd8 10. e3 Nc6 11. Bc4 Bf5 12. Nf3 Rac8 13. Be2 e5 14. dxe5
Nxe5 0-1

[Event "Challenge"]
[Site "http://www.queenalice.com/game.php?id=358009"]
[Date "2008.2.20"]
[Round "-"]
[White "Papageno"]
[Black "Luceafarul"]
[Result "1-0"]
[WhiteElo "1580"]
[BlackElo "1981"]

1. e4 c6 2. Nf3 d5 3. Nc3 Bg4 4. exd5 cxd5 5. Be2 Nc6 6. h3 Bh5 7. d3 e6 8. Be3
Bxf3 9. Bxf3 d4 10. Bxc6+ bxc6 11. Bxd4 Qxd4 12. Qf3 Rc8 13. O-O 1-0

[Event "Let's Play Chess!"]
[Site "http://www.queenalice.com/game.php?id=436719"]
[Date "2008.7.23"]
[Round "-"]
[White "Philvd"]
[Black "Luceafarul"]
[Result "0-1"]
[WhiteElo "2076"]
[BlackElo "1951"]

1. g3 Nf6 2. Bg2 g6 3. Nf3 Bg7 4. O-O O-O 5. d3 d6 6. e4 e5 7. Ne1 Nc6 8. f4 Bg4
9. Bf3 Bh3 10. Ng2 Nd4 11. fxe5 dxe5 12. Be3 Nxf3+ 13. Qxf3 Qd7 14. Nc3 Ng4 15.
Rae1 Nxe3 16. Qxe3 c6 17. Rf2 Qd4 0-1

[Event "Let's Play Chess!"]
[Site "http://www.queenalice.com/game.php?id=437594"]
[Date "2008.7.23"]
[Round "-"]
[White "CampbellMarcel"]
[Black "Luceafarul"]
[Result "0-1"]
[WhiteElo "1758"]
[BlackElo "1990"]

1. e4 e6 2. Nf3 d5 3. exd5 exd5 4. d4 c6 5. Bd3 Bd6 6. O-O Ne7 7. Re1 O-O 8. Be3
Bf5 9. Ne5 Nd7 10. f4 f6 11. Nxd7 Qxd7 12. Nc3 Rae8 13. Qd2 Bxd3 14. Qxd3 Nf5
15. Re2 Nxe3 16. Rxe3 Bxf4 17. Rxe8 Rxe8 18. Ne2 Qg4 19. Nxf4 Qxf4 20. Rf1 Qe3+
21. Qxe3 Rxe3 22. Kf2 Re4 23. c3 Rf4+ 24. Ke2 Rxf1 25. Kxf1 Kf7 26. Ke2 Kg6 27.
g4 Kg5 28. Kf3 f5 29. gxf5 Kxf5 30. h3 g5 31. b3 h5 32. a3 g4+ 33. hxg4+ hxg4+
34. Kg3 Ke4 35. Kxg4 Kd3 0-1

[Event "Let's Play Chess!"]
[Site "http://www.queenalice.com/game.php?id=437858"]
[Date "2008.7.23"]
[Round "-"]
[White "fictionist"]
[Black "Luceafarul"]
[Result "0-1"]
[WhiteElo "1832"]
[BlackElo "2069"]

1. Nf3 Nf6 2. d4 g6 3. c4 Bg7 4. Nc3 d6 5. e4 O-O 6. Be2 e5 7. dxe5 dxe5 8. Qxd8
Rxd8 9. Bg5 Re8 10. Bxf6 Bxf6 11. Nd5 Bd8 12. O-O c6 13. Ne3 Na6 14. Rfd1 Bb6
15. Nf1 Nc5 16. Ng3 a5 17. Rd6 Ne6 18. Rad1 Nd4 19. Nxd4 Bxd4 20. b3 Be6 21. Bf3
Rad8 22. Rxd8 Rxd8 23. Kf1 Ra8 24. Ne2 Bc5 25. Nc1 a4 26. Be2 axb3 27. axb3 Bd4
28. f4 f6 29. g4 c5 30. f5 Bd7 31. Kg2 Bc6 32. Kf3 Ra3 33. Rd2 Ra1 34. Rd1 Rb1
35. Bd3 Rb2 36. h3 gxf5 37. gxf5 Be8 0-1

[Event "Let's Play Chess!"]
[Site "http://www.queenalice.com/game.php?id=438148"]
[Date "2008.7.24"]
[Round "-"]
[White "Papachibe"]
[Black "Luceafarul"]
[Result "0-1"]
[WhiteElo "1964"]
[BlackElo "1993"]

1. e4 e6 2. Nf3 d5 3. exd5 exd5 4. d4 c6 5. Bd3 Bd6 6. O-O Ne7 7. c4 dxc4 8.
Bxc4 O-O 9. Nc3 Bf5 10. Bg5 h6 11. Bh4 Qc7 12. Bg3 Nd7 13. Rc1 Bxg3 14. fxg3 Qd6
15. Nh4 Bh7 16. Kh1 Nf6 17. a3 Rad8 18. Nf3 Nf5 19. Ne2 Ne3 20. Qb3 Nxf1 21.
Rxf1 b5 22. Bd3 Bxd3 23. Qxd3 Rfe8 24. Qc2 Nd5 25. Qd3 f6 26. Nc3 Re3 27. Qd2
Rde8 28. Nxd5 Qxd5 29. Qc2 Re2 30. Qg6 Qe4 31. Qxe4 R8xe4 32. h3 Rxb2 33. Rc1
Ree2 0-1

[Event "755"]
[Site "http://www.queenalice.com/game.php?id=438219"]
[Date "2008.7.24"]
[Round "-"]
[White "phystutordotcom"]
[Black "Luceafarul"]
[Result "1-0"]
[WhiteElo "2071"]
[BlackElo "2006"]

1. Nf3 Nf6 2. d3 d5 3. Nbd2 c5 4. g3 Nc6 5. Bg2 e6 6. O-O Be7 7. e4 O-O 8. c3 e5
9. Re1 d4 10. Nc4 Nd7 11. a4 Rb8 12. Re2 b6 13. Ne1 a6 14. f4 f6 15. Qb3 Kh8 16.
Bh3 b5 17. axb5 axb5 18. Nd2 c4 19. Qc2 dxc3 20. bxc3 Nc5 21. Bxc8 cxd3 22. Nxd3
Nxd3 23. Bg4 exf4 24. Nf3 Nce5 25. Nxe5 Nxe5 26. Bh3 Qb6+ 27. Kh1 f3 28. Re1 Ra8
29. Rxa8 Rxa8 30. Be3 Bc5 31. Bxc5 Qxc5 32. Rb1 1-0

[Event "Kingaling"]
[Site "http://www.queenalice.com/game.php?id=439022"]
[Date "2008.7.26"]
[Round "-"]
[White "decimator"]
[Black "Luceafarul"]
[Result "0-1"]
[WhiteElo "2019"]
[BlackElo "1972"]

1. d4 Nf6 2. c4 g6 3. Nf3 Bg7 4. Bg5 d6 5. Nc3 O-O 6. e3 c5 7. dxc5 dxc5 8. Be2
Nc6 9. a3 Bf5 10. O-O Ne4 11. Nd5 Nxg5 12. Nxg5 e6 13. Nxh7 Kxh7 14. Nc3 Qxd1
15. Raxd1 Rad8 16. Nb5 Bc2 17. Rxd8 Rxd8 18. b4 a6 19. bxc5 axb5 20. cxb5 Ne5
21. f4 Rd2 22. Rf2 Nd3 23. Bxd3 Rxf2 24. Kxf2 Bxd3 0-1

[Event "Let's Play Chess!"]
[Site "http://www.queenalice.com/game.php?id=439504"]
[Date "2008.7.27"]
[Round "-"]
[White "scott2770"]
[Black "Luceafarul"]
[Result "0-1"]
[WhiteElo "1846"]
[BlackElo "2010"]

1. e4 e6 2. d4 d5 3. Nc3 Bb4 4. e5 Ne7 5. Bd2 c5 6. Nb5 Bxd2+ 7. Qxd2 O-O 8. Nf3
cxd4 9. Nbxd4 Nbc6 10. Bd3 Nxd4 11. Nxd4 Nc6 12. Nxc6 bxc6 13. h4 f6 14. f4 fxe5
15. fxe5 Qb6 16. O-O-O Rb8 17. c3 Rf2 18. Be2 Ba6 19. Rhe1 Rxg2 20. h5 Rf8 21.
Kc2 Rff2 22. Qd4 Rxe2+ 23. Rxe2 Rxe2+ 24. Rd2 Qxd4 25. cxd4 Rxd2+ 26. Kxd2 g5
27. hxg6 h5 28. Ke3 Kg7 29. Kf3 Bd3 30. Kg3 Kxg6 31. Kf4 Bb1 32. a3 a5 33. Kg3
Kg5 34. Kh3 h4 35. Kh2 Kg4 36. Kg2 Be4+ 37. Kh2 h3 0-1

[Event "Let's Play Chess!"]
[Site "http://www.queenalice.com/game.php?id=439505"]
[Date "2008.7.27"]
[Round "-"]
[White "Luceafarul"]
[Black "scott2770"]
[Result "1-0"]
[WhiteElo "1997"]
[BlackElo "1834"]

1. c4 c5 2. Nf3 Nf6 3. Nc3 Nc6 4. g3 g6 5. Bg2 Bg7 6. O-O O-O 7. d4 d6 8. dxc5
dxc5 9. Bf4 Bf5 10. Ne5 Qc8 11. Nxc6 bxc6 12. Qa4 Bd7 13. Be5 Rd8 14. Rfd1 Qb7
15. b3 Bf5 16. Bxc6 Qc8 17. Bxa8 Qxa8 18. Rxd8+ Qxd8 19. Rd1 Qa8 20. Qa5 Bh3 21.
Rd8+ Qxd8 22. Qxd8+ Bf8 23. Nd5 1-0

[Event "Let's Play Chess!"]
[Site "http://www.queenalice.com/game.php?id=439507"]
[Date "2008.7.27"]
[Round "-"]
[White "Luceafarul"]
[Black "scott2770"]
[Result "1-0"]
[WhiteElo "2019"]
[BlackElo "1837"]

1. c4 e5 2. Nc3 Nf6 3. Nf3 Nc6 4. g3 Bb4 5. Bg2 O-O 6. O-O e4 7. Ng5 Bxc3 8.
bxc3 Re8 9. f3 exf3 10. Nxf3 d6 11. d3 Bg4 12. h3 Bf5 13. Bg5 Qd7 14. Kh2 Re7
15. Nh4 Bg6 16. Bxf6 gxf6 17. Rxf6 Kg7 18. Rf4 Rae8 19. e4 Ne5 20. Nf5+ Bxf5 21.
Rxf5 Rg8 22. Qd2 Kf8 23. Qh6+ Ke8 24. Qxh7 Rf8 25. Bf1 f6 26. Qh5+ Ref7 27. d4
Nc6 28. Rxf6 Nd8 29. c5 Qe7 30. Rxf7 Rxf7 31. Bc4 Ne6 32. cxd6 Qxd6 33. Rf1 Qd7
34. Rxf7 Qxf7 35. Qxf7+ Kxf7 36. g4 Kf6 37. e5+ Ke7 38. Bxe6 Kxe6 39. Kg3 Kf7
40. Kf4 Kg6 41. d5 Kf7 42. Kf5 Ke7 43. g5 Kf7 44. g6+ Kg8 45. e6 Kf8 46. Kf6 Kg8
47. e7 1-0

[Event "Chess Game"]
[Site "http://www.queenalice.com/game.php?id=439623"]
[Date "2008.7.27"]
[Round "-"]
[White "BRUTUS"]
[Black "Luceafarul"]
[Result "1-0"]
[WhiteElo "2147"]
[BlackElo "2006"]

1. e4 e6 2. d3 d5 3. Nd2 Nf6 4. Ngf3 c5 5. g3 Nc6 6. Bg2 Be7 7. O-O O-O 8. Qe2
b6 9. b3 Ba6 10. Bb2 Nb4 11. exd5 exd5 12. Ne5 Rc8 13. c4 Re8 14. Ndf3 Bd6 15.
Qd2 Bb7 16. Rfe1 Ba8 17. a3 Nc6 18. Nxf7 Kxf7 19. Rxe8 Nxe8 20. Ng5+ Kg6 21. Ne6
Qe7 22. Re1 h6 23. cxd5 Nd8 24. Nxg7 1-0

[Event "simultan-24"]
[Site "http://www.queenalice.com/game.php?id=444368"]
[Date "2008.8.7"]
[Round "-"]
[White "positionalgenius"]
[Black "Luceafarul"]
[Result "0-1"]
[WhiteElo "1808"]
[BlackElo "2076"]

1. Nf3 Nf6 2. c4 g6 3. Nc3 Bg7 4. d4 d6 5. e4 O-O 6. Be3 e5 7. d5 Ng4 8. Bd2 f5
9. Ng5 c6 10. h3 Nf6 11. Bd3 h6 12. Ne6 Bxe6 13. dxe6 fxe4 14. Nxe4 d5 15. Nxf6+
Qxf6 16. O-O e4 17. Bc3 d4 18. e7 Qxe7 19. Bxd4 Bxd4 20. Bc2 Qe5 21. Qg4 Qf5 22.
Bxe4 Bxf2+ 23. Rxf2 Qxf2+ 24. Kh1 Qf6 25. Bxg6 Kh8 26. Bd3 Qg7 27. Qe4 Nd7 28.
Re1 Nc5 29. Qe2 Nxd3 30. Qxd3 Rad8 31. Qc2 Rf6 32. Re4 Rfd6 33. Rg4 Rd1+ 34. Kh2
Qe5+ 35. Rg3 R8d3 0-1

[Event "simultan-25"]
[Site "http://www.queenalice.com/game.php?id=444369"]
[Date "2008.8.7"]
[Round "-"]
[White "positionalgenius"]
[Black "Luceafarul"]
[Result "0-1"]
[WhiteElo "1816"]
[BlackElo "2063"]

1. e4 e6 2. d4 d5 3. Nc3 Bb4 4. exd5 exd5 5. Nf3 Nf6 6. Bd2 Bf5 7. Nh4 Bg4 8. f3
Be6 9. g4 Nxg4 10. Ng2 Nf6 11. Nf4 Bf5 12. Qe2+ Be7 13. O-O-O Nc6 14. Qb5 a6 15.
Qb3 O-O 16. Qxb7 Na5 0-1

[Event "Let's Play Chess!"]
[Site "http://www.queenalice.com/game.php?id=454828"]
[Date "2008.8.29"]
[Round "-"]
[White "Luceafarul"]
[Black "ricma"]
[Result "1-0"]
[WhiteElo "2046"]
[BlackElo "2059"]

1. c4 c5 2. Nf3 Nf6 3. Nc3 d5 4. cxd5 Nxd5 5. g3 e6 6. Bg2 g6 7. O-O Bg7 8. Nxd5
exd5 9. d4 c4 10. Bg5 f6 11. Bf4 Nc6 12. b3 Be6 13. bxc4 dxc4 14. e4 Bg4 15. d5
f5 16. dxc6 bxc6 17. Qxd8+ Rxd8 18. Rad1 Rxd1 19. Rxd1 fxe4 20. Re1 Bxf3 21.
Bxf3 c3 22. Bxe4 Kd7 23. Rd1+ Ke7 24. Bxc6 Rc8 25. Ba4 Kf8 26. Re1 h6 27. Bb3
Rc6 28. Bc1 Bf6 29. Bxh6+ Bg7 30. Bxg7+ Kxg7 31. f4 1-0

[Event "Let's Play Chess!"]
[Site "http://www.queenalice.com/game.php?id=467436"]
[Date "2008.9.24"]
[Round "-"]
[White "Luceafarul"]
[Black "dnptrs"]
[Result "1-0"]
[WhiteElo "2028"]
[BlackElo "2067"]

1. c4 e6 2. Nc3 Nf6 3. Nf3 c5 4. g3 Be7 5. Bg2 O-O 6. O-O d5 7. cxd5 exd5 8. d4
cxd4 9. Nxd4 h6 10. Bf4 Nc6 11. Ncb5 Nh5 12. Be3 a6 13. Nc3 Nf6 14. Nxc6 bxc6
15. Na4 Rb8 16. Qc2 Bb7 17. Rfd1 Bd6 18. Bc5 Re8 19. b4 Qe7 20. Bxd6 Qxd6 21.
Nc5 Qe7 22. e3 Rec8 23. Rac1 Rd8 24. a3 Rbc8 25. Rd4 Qc7 26. Bh3 Rb8 27. Nxb7
Rxb7 28. Qxc6 Qxc6 29. Rxc6 Ra8 30. Bg2 a5 31. Rxf6 axb4 32. Bxd5 bxa3 33. Rxf7
1-0

[Event "Challenge"]
[Site "http://www.queenalice.com/game.php?id=507240"]
[Date "2008.12.13"]
[Round "-"]
[White "Luceafarul"]
[Black "fhazzick"]
[Result "0-1"]
[WhiteElo "2050"]
[BlackElo "2100"]

1. c4 e6 2. Nc3 b6 3. e4 Bb7 4. d4 d5 5. cxd5 exd5 6. Bb5+ c6 7. Bd3 Bb4 8. Qe2
Ne7 9. Nf3 O-O 10. e5 Bxc3+ 11. bxc3 g6 12. Bh6 Re8 13. Ng5 Bc8 0-1